000 00966nam a2200277 a 4500
001 530
003 BR-CuiBMT
005 20231108205114.0
008 231108smgb 200 000 0 por d
020 _a8573084049
040 _aBR-CuiBMT
_cBR-CuiBMT
080 _22007
_a351.72
090 _a351.72
_bM921l
100 1 _aMotta, Carlos Pinto Coelho
245 1 0 _aLei de responsabilidade fiscal :
_babordagens pontuais /
_cCarlos Pinto Coelho Motta, Jair Eduardo Santana, Luciano Ferraz ; coordenador Flávio Régis Xavier de Moura e Castro.
260 _aBelo Horizonte :
_bDel Rey,
_c2000.
300 _a254 p. :
_bil. ;
_c22 cm
504 _aInclui bibliografia.
650 _aResponsabilidade administrativa
_zBrasil
650 _aOrçamento público
_zBrasil
650 _aCrime de responsabilidade
_zBrasil
700 1 _aSantana, Jair Eduardo
700 1 _aFerraz, Luciano
700 1 _aCastro, Flávio Régis Xavier de Moura
_ecoord.
942 _2udc
_cLV
999 _c530
_d530